00563 a2200181 4500001000700000003000400007005001700011008004100028082002000069100001600089245004200105260003200147300001000179690003600189942001200225999001500237952012900252131561OSt20210915104331.0  a791.43015bD64B1 aDix, Andrew1 aBeginning film studiescby Andrew Dix aNew DelhibViva Booksc2010 a350p. aMotion pictures; Film criticism 2ddccBK c6026d6026 00102ddc40708TXBaCURAJbCURAJd2012-06-08eENGg250.00l2o791.43015 D64Bp7641r2024-11-21s2023-08-14w2020-09-02yBK